TV Debuts: 1998 Quiz Stats

 Plays Quiz Updated Dec 31, 2018

     
Support Sporcle.
Go Orange.
Score 0/20 Timer 04:00
0 Plays Today
% Correct
Sex and the City
88.2%
That '70s Show
84.2%
Will and Grace
80.9%
Powerpuff Girls
77.7%
Dawson's Creek
76.4%
Charmed
65.3%
Felicity
55.2%
King of Queens
53.8%
The Wild Thornberrys
48.6%
Two Guys, a Girl, and a Pizza Place
44.1%
% Correct
Becker
34.9%
Kids Say the Darndest Things
33.6%
Sports Night
21.2%
V.I.P.
15.5%
The Hughleys
13.2%
The Secret Diary of Desmond Pfeiffer
1.5%
Encore! Encore!
1.4%
Brimstone
1.2%
For Your Love
1%
Vengeance Unlimited
0.6%

From the Vault

Disney Villains

by Derek

Movies 3m
You can't have a a great Disney hero unless they face a worthy Disney villain.
Remove Ads.
Support Sporcle.
Get the best of Sporcle when you Go Orange. This ad-free experience offers more features, more stats, and more fun while also helping to support Sporcle. Thank you for becoming a member.

Show Comments

Extras

Top Quizzes Today


Score Distribution

Your Account Isn't Verified!

In order to create a playlist on Sporcle, you need to verify the email address you used during registration. Go to your Sporcle Settings to finish the process.

Report this User

Report this user for behavior that violates our Community Guidelines.

Details: